000 01663cam a22005054i 4500
003 PE-LiUPU
005 20250731173033.0
008 150623s r 000 0 d
020 _a0801022320
035 _a(Sirsi) i9780801022326
040 _aPE-LiUPU
_bspa
_cPE-LiUPU
_erda
049 _aPRUA
082 0 4 _a231.7
_bS77
_221
245 0 0 _aStill sovereign: contemporary perspectives on election, foreknowledge, and grace /
_ceditado por Thomas R. Schreiner and Bruce A. Ware.
264 1 _aGrand Rapids, MI :
_bBaker Books,
_c1995.
300 _a356 p.
336 _atext
_2rdacontent
337 _aunmediated
_2rdamedia
338 _avolume
_2rdacarrier
504 _aBibliografía al pie de páginas.
505 0 _aBiblical analysis. -Theological issues. -Pastoral reflections.
526 _aSEG42
526 _aSEG41
526 _aSEG40
526 _aSEG39
526 _aP94
526 _aP87
526 _aP86
526 _aP85
526 _aP77
526 _aP76
526 _aP35
650 0 4 _aArminianismo.
650 0 4 _aCalvinismo.
650 0 4 _aGracia (Teología).
650 0 4 _aPredestinación
_xEnseñanza bíblica.
700 1 _aSchreiner, Thomas R.,
_eed.
700 1 _aWare, Bruce A.,
_eed.
942 _2ddc
_cBOOK
949 _a231.7 S77
_wDEWEY
_c1
_i48208
_lCCODEBUL1
_mBUL
_r0
_sY
_tBOOK
_u2015-6-24
_xTEOLOGIA
_PP35
_0COMPRA
_o.STAFF. Colección General
994 _aC0
_bPEPRU
596 _a1
999 _a231.7 S77
_wDEWEY
_c25181
_i48208
_f2021-11-9
_g5
_lCCODEBUL1
_mBUL
_r0
_sY
_tBOOK
_u2015-6-24
_xTEOLOGIA
_PP35
_0COMPRA
_o.STAFF. Colección General
_d25181
980 _81
_gALBERTO SANCHEZ Responsable de Automatización